Demonstrating Digital Archtiecture 5th Far eastern international digital architectural Design award (Record no. 3967)

000 -LEADER
fixed length control field 00350nam a2200109Ia 4500
008 - FIXED-LENGTH DATA ELEMENTS--GENERAL INFORMATION
fixed length control field 200302s9999 xx 000 0 und d
100 ## - MAIN ENTRY--PERSONAL NAME
Personal name Yu-Tung Lir
245 ## - TITLE STATEMENT
Title Demonstrating Digital Archtiecture 5th Far eastern international digital architectural Design award
260 ## - PUBLICATION, DISTRIBUTION, ETC.
Name of publisher, distributor, etc. Birkhauser Publlisher for Architecture
260 ## - PUBLICATION, DISTRIBUTION, ETC.
Date of publication, distribution, etc. 2005
300 ## - PHYSICAL DESCRIPTION
Extent 227 P.,
Holdings
Withdrawn status Lost status Damaged status Not for loan Permanent Location Current Location Date acquired Cost, normal purchase price Full call number Barcode Date last seen Price effective from Koha item type
        BMS College of Architecture, Design and Planning BMS College of Architecture, Design and Planning 2020-03-03 3735.77 720.28 CL-UG68931 2020-03-03 2020-03-03 UG Books from CL
Copyright © 2025, The Librarian, Library and Information Centre, BMSCA D&P, Bengaluru. All Rights Reserved
web counter

Powered by Koha